Statistics for ATP Top 50 - 2005

Click here to take the quiz!

General Stats

  • This quiz has been taken 63 times
    (46 since last reset)
  • The average score is 23 of 50

Answer Stats

#NationalityPlayer% Correct
1SwitzerlandRoger Federer
100%
2SpainRafael Nadal
97%
4AustraliaLleyton Hewitt
89%
3USAAndy Roddick
84%
7USAAndre Agassi
81%
12RussiaMarat Safin
81%
14SpainDavid Ferrer
78%
11ChileFernando Gonzalez
65%
8ArgentinaGuillermo Coria
62%
9CroatiaIvan Ljubicic
62%
17SpainJuan Carlos Ferrero
62%
5RussiaNikolay Davydenko
62%
6ArgentinaDavid Nalbandian
59%
10ArgentinaGaston Gaudio
59%
36United KingdomTim Henman
59%
24Czech RepublicTomas Berdych
59%
31SpainCarlos Moya
54%
32SpainFernando Verdasco
54%
33SpainFeliciano Lopez
51%
30FranceGael Monfils
51%
23USAJames Blake
51%
16FranceRichard Gasquet
51%
25FranceSebastien Grosjean
51%
21CroatiaMario Ancic
46%
20Czech RepublicRadek Stepanek
46%
13SwedenThomas Johansson
46%
45GermanyTommy Haas
43%
18SlovakiaDominik Hrbaty
38%
37United KingdomGreg Rusedski
38%
28FinlandJarkko Nieminen
38%
22GermanyNicolas Kiefer
38%
41BelgiumChristophe Rochus
32%
43RussiaMikhail Youzhny
32%
27BelgiumOlivier Rochus
32%
19SpainTommy Robredo
32%
34BelarusMax Mirnyi
30%
47BelgiumXavier Malisse
30%
42ThailandParadorn Srichaphan
27%
15USARobby Ginepri
27%
26RussiaIgor Andreev
24%
39ArgentinaJuan Ignacio Chela
24%
35RomaniaVictor Hanescu
24%
46FrancePaul-Henri Mathieu
22%
50SpainAlberto Martin
19%
38ItalyFilippo Volandri
19%
48Czech RepublicJiri Novak
16%
44ItalyDavide Sanguinetti
14%
40ArgentinaJose Acasuso
11%
29USATaylor Dent
11%
49FranceFlorent Serra
8%

Score Distribution

Percentile by Number Answered

Percent of People with Each Score

Your Score History

You have not taken this quiz since the last reset